[Event "4. Wittelsbacher Weihnachts-Schach-Open"]
[Site "Kelheim"]
[Date "2015.12.27"]
[Round "1.25"]
[White "Glawe, Ralf"]
[Black "Broszeit, Peter"]
[Result "1/2-1/2"]
[WhiteElo "1997"]
[BlackElo "2012"]
[PlyCount "87"]
[EventDate "2015.??.??"]
[WhiteTeam "MTV Ingolstadt"]
[BlackTeam "SV Erkenschwick"]

1. e4 e6 2. d4 d5 3. Nd2 Nf6 4. e5 Nfd7 5. Bd3 c5 6. c3 Nc6 7. Ne2 Qb6 8. Nf3
cxd4 9. cxd4 f6 10. exf6 Nxf6 11. O-O Bd6 12. Rb1 O-O 13. a3 e5 14. dxe5 Nxe5
15. Nxe5 Bxe5 16. Be3 d4 17. Nxd4 Ng4 18. Nf5 Nxe3 19. Ne7+ Kh8 20. Qh5 Nf5 21.
Nxc8 Bxh2+ 22. Kxh2 Qc7+ 23. Kg1 Qxc8 24. Rbc1 Qe8 25. Qh3 g6 26. Rc7 Rf7 27.
Bb5 Qf8 28. Rfc1 Rd8 29. Qb3 Nd6 30. Qc3+ Qg7 31. Rxf7 Nxf7 32. Qb3 Nd6 33. Be2
Qe5 34. Bf3 Rd7 35. Qb4 Rf7 36. Rd1 Nf5 37. Rd8+ Kg7 38. Qd2 b6 39. Bd5 Re7 40.
Rg8+ Kf6 41. Rf8+ Kg7 42. Rg8+ Kf6 43. Rf8+ Kg7 44. Rg8+ 1/2-1/2

[Event "4. Wittelsbacher Weihnachts-Schach-Open"]
[Site "Kelheim"]
[Date "2015.12.27"]
[Round "1.26"]
[White "Doleschal, Johannes"]
[Black "Kues, Manuel"]
[Result "0-1"]
[WhiteElo "1968"]
[BlackElo "1986"]
[PlyCount "110"]
[EventDate "2015.??.??"]
[WhiteTeam "TSV Kirchenlaibach"]
[BlackTeam "TSV Kareth-Lappersdorf"]

1. d4 Nf6 2. c4 e5 3. dxe5 Ng4 4. Bf4 Nc6 5. Nf3 Qe7 6. Nc3 Qc5 7. e3 Ngxe5 8.
Nxe5 Nxe5 9. Nd5 f6 10. Bxe5 fxe5 11. Qh5+ Kd8 12. Qxe5 Qa5+ 13. Ke2 h6 14. Qd4
b5 15. c5 b4 16. Rc1 Rb8 17. Kf3 Bb7 18. Bd3 Be7 19. Kg3 Re8 20. Bg6 Bxd5 21.
Qxd5 Rf8 22. Rhd1 Qb5 23. Bf5 d6 24. Bg4 Qe8 25. f4 g5 26. Kf3 h5 27. Be6 gxf4
28. exf4 c6 29. Qd3 d5 30. g3 Bf6 31. Re1 Bxb2 32. Rcd1 d4 33. Qa6 Qe7 34. Qxc6
Qb7 35. Qxb7 Rxb7 36. c6 Re7 37. Bd7 Rff7 38. Rxe7 Rxe7 39. Rd2 Bc3 40. Rd3 a5
41. f5 a4 42. Kf4 b3 43. f6 Rf7 44. axb3 a3 45. Kg5 a2 46. Rd1 d3 47. Be6 Rxf6
48. Bc4 d2 49. b4 a1=Q 50. Rxa1 Bxa1 51. Bb3 Rxc6 52. Kxh5 Rb6 53. h4 Rxb4 54.
Bd1 Rb1 55. Bf3 Rb3 0-1

[Event "4. Wittelsbacher Weihnachts-Schach-Open"]
[Site "Kelheim"]
[Date "2015.12.27"]
[Round "1.27"]
[White "Bruckmeier, Bernhard"]
[Black "Strasser, Josef"]
[Result "1/2-1/2"]
[WhiteElo "1931"]
[BlackElo "1892"]
[PlyCount "83"]
[EventDate "2015.??.??"]
[BlackTeam "SU München"]

1. d4 Nf6 2. c4 e6 3. Nf3 b6 4. e3 Bb7 5. Bd3 Be7 6. Nbd2 d5 7. O-O Nbd7 8. b3
O-O 9. Bb2 Ne4 10. Rc1 Rc8 11. Qe2 c5 12. Rfd1 Bd6 13. Ne5 f6 14. Nef3 Qe7 15.
Bb1 Rfd8 16. Ne1 Nxd2 17. Rxd2 Nf8 18. Nf3 Rd7 19. cxd5 exd5 20. Nh4 g6 21. Qg4
Kf7 22. Qe2 cxd4 23. Rxc8 Bxc8 24. Bxd4 Be5 25. Nf3 Bxd4 26. Nxd4 Rc7 27. Rc2
a6 28. Qd2 Bb7 29. Qc1 Rxc2 30. Qxc2 Qc5 31. Qb2 Ne6 32. Nxe6 Kxe6 33. Bd3 a5
34. a3 Bc6 35. b4 axb4 36. axb4 Qd6 37. Qc2 Bd7 38. g3 Qe5 39. Qb3 Ke7 40. Qa3
Qc7 41. Qb2 Qe5 42. Qc1 1/2-1/2

[Event "4. Wittelsbacher Weihnachts-Schach-Open"]
[Site "Kelheim"]
[Date "2015.12.27"]
[Round "1.28"]
[White "Nöckler, Alexander"]
[Black "Kranzl, Julian"]
[Result "0-1"]
[WhiteElo "1933"]
[BlackElo "1929"]
[PlyCount "94"]
[EventDate "2015.??.??"]
[WhiteTeam "SK Weiden"]
[BlackTeam "Hohenems"]

1. c4 c5 2. Nf3 g6 3. d4 cxd4 4. Nxd4 Nc6 5. Nc3 Bg7 6. e3 Nf6 7. g3 Nxd4 8.
exd4 d5 9. Bg2 dxc4 10. Qa4+ Bd7 11. Qxc4 Rc8 12. Qb3 b6 13. O-O O-O 14. d5 Ne8
15. Nb5 Bxb5 16. Qxb5 Nd6 17. Qa4 Rc7 18. Rb1 Qe8 19. Qa3 Qd7 20. Bf4 Rfc8 21.
Rfc1 Bf6 22. b3 Rc2 23. Qa6 Bd4 24. Rf1 Qc7 25. Rbe1 Qd7 26. Qd3 Bf6 27. Re2
Rxe2 28. Qxe2 Nb5 29. Be5 Bxe5 30. Qxe5 Qd6 31. Qb2 Nc7 32. Re1 Rd8 33. Qe2 Kf8
34. Qb2 Qf6 35. Qxf6 exf6 36. Rd1 Ke7 37. Rd4 Kd6 38. Ra4 a5 39. Rh4 h5 40. Rd4
Re8 41. b4 Re1+ 42. Bf1 axb4 43. Kg2 Nxd5 44. Ba6 Re7 45. Kf3 Ra7 46. Bf1 Ra3+
47. Ke4 f5# 0-1

[Event "4. Wittelsbacher Weihnachts-Schach-Open"]
[Site "Kelheim"]
[Date "2015.12.27"]
[Round "1.29"]
[White "Vilsmeier, Christian"]
[Black "Schilay, Lorenz"]
[Result "1-0"]
[WhiteElo "1994"]
[BlackElo "1760"]
[PlyCount "99"]
[EventDate "2015.??.??"]
[WhiteTeam "DJK-Regensburg Nord"]
[BlackTeam "SK Neumarkt"]

1. e4 e5 2. f4 exf4 3. Nf3 d5 4. exd5 Nf6 5. Nc3 Nxd5 6. Bc4 Be6 7. Bb3 Nxc3 8.
bxc3 Bxb3 9. axb3 Bd6 10. O-O O-O 11. d4 Nd7 12. c4 b6 13. c3 a5 14. Qd3 Qf6
15. Bd2 Rfe8 16. b4 axb4 17. Rxa8 Rxa8 18. cxb4 Rd8 19. Qe4 Qe6 20. Qxe6 fxe6
21. c5 bxc5 22. bxc5 Nxc5 23. dxc5 Bxc5+ 24. Kh1 e5 25. Re1 Bd6 26. Bc3 h6 27.
Bxe5 Bxe5 28. Nxe5 Re8 29. Kg1 g5 30. Kf2 Kg7 31. Kf3 Re6 32. Re4 h5 33. Nc4
Kf6 34. Rxe6+ Kxe6 35. Ke4 Kf6 36. Nd2 c5 37. Kd5 Kf5 38. Kxc5 g4 39. Kd4 f3
40. g3 h4 41. Nf1 hxg3 42. hxg3 f2 43. Ne3+ Kg6 44. Ke5 Kg5 45. Nf1 Kh5 46. Kf5
Kh6 47. Kxg4 Kg6 48. Kf3 Kf6 49. Kxf2 Ke5 50. Nh2 1-0

[Event "4. Wittelsbacher Weihnachts-Schach-Open"]
[Site "Kelheim"]
[Date "2015.12.27"]
[Round "1.30"]
[White "Klarl, Wolfgang"]
[Black "Schwenck, Mathias"]
[Result "1/2-1/2"]
[WhiteElo "1942"]
[BlackElo "1920"]
[PlyCount "55"]
[EventDate "2015.??.??"]
[WhiteTeam "SK Kelheim"]
[BlackTeam "SC Moosburg"]

1. f4 d5 2. b3 Nf6 3. Bb2 c5 4. e3 Nc6 5. Nf3 g6 6. Bb5 Bd7 7. O-O Bg7 8. Bxc6
Bxc6 9. Ne5 Qc7 10. Nxc6 Qxc6 11. d3 Nh5 12. Bxg7 Nxg7 13. Nd2 Nf5 14. Qf3 h5
15. e4 Nd4 16. Qd1 O-O-O 17. Rc1 dxe4 18. Nxe4 Rd7 19. Qe1 Rhd8 20. Kh1 b6 21.
b4 c4 22. c3 Nf5 23. d4 Nd6 24. Nxd6+ Qxd6 25. Qe4 Qd5 26. Rce1 e6 27. Qxd5
Rxd5 28. Re5 1/2-1/2

[Event "4. Wittelsbacher Weihnachts-Schach-Open"]
[Site "Kelheim"]
[Date "2015.12.27"]
[Round "1.31"]
[White "Bildt, Thomas"]
[Black "Latzel, Wolfgang"]
[Result "0-1"]
[WhiteElo "1981"]
[BlackElo "1943"]
[PlyCount "94"]
[EventDate "2015.??.??"]
[WhiteTeam "SK Zirndorf"]
[BlackTeam "SK Landshut"]

1. e4 d6 2. d4 g6 3. c4 Bg7 4. Nc3 Nc6 5. Be3 e5 6. d5 Nce7 7. Bd3 f5 8. f3 Nf6
9. Nge2 O-O 10. Qd2 c5 11. dxc6 bxc6 12. O-O fxe4 13. Nxe4 Nxe4 14. Bxe4 d5 15.
cxd5 cxd5 16. Bc2 Nf5 17. Bc5 Re8 18. Bb3 Be6 19. g4 Ne7 20. Nc3 Kh8 21. Rad1
Qa5 22. Bf2 Rad8 23. Ne4 Qc7 24. Qc3 Qb8 25. Ng5 Bg8 26. Qa5 h6 27. Nh3 d4 28.
Bxg8 Kxg8 29. Bg3 Nc6 30. Qc5 Qb7 31. Nf2 Nb4 32. Ne4 Rc8 33. Qa5 Rc6 34. h3
Nc2 35. Qd5+ Kh7 36. Rc1 Qc7 37. Rf2 Rd8 38. Qb5 Rb8 39. Qa4 d3 40. Rd2 Rc4 41.
Qa6 Rb6 42. Qa5 Qd7 43. Bf2 Rxb2 44. Nc5 Qd5 45. Rxd3 Nd4 46. Rxc4 Qxc4 47. Qe1
Qxc5 0-1

[Event "4. Wittelsbacher Weihnachts-Schach-Open"]
[Site "Kelheim"]
[Date "2015.12.27"]
[Round "1.32"]
[White "Meulner, Fabian"]
[Black "Bartonicek, Zdenek"]
[Result "0-1"]
[WhiteElo "1854"]
[BlackElo "1905"]
[PlyCount "63"]
[EventDate "2015.??.??"]
[WhiteTeam "SW Nürnberg Süd"]
[BlackTeam "TSV Kirchenlaibach"]

1. e4 e5 2. f4 d5 3. exd5 exf4 4. Bc4 Qh4+ 5. Kf1 f3 6. Bb5+ Bd7 7. Bxd7+ Nxd7
8. Nxf3 Qh5 9. c4 Ngf6 10. Nc3 O-O-O 11. d4 Qf5 12. h3 h5 13. Kf2 Bd6 14. Rf1
Bh2 15. Bg5 Rde8 16. Qb1 Ne4+ 17. Nxe4 Rxe4 18. Re1 Rhe8 19. Rxe4 Rxe4 20. Qd3
Bg3+ 21. Kg1 f6 22. Bd2 g5 23. Rf1 Qg6 24. c5 g4 25. hxg4 hxg4 26. Ng5 Bf2+ 27.
Kh1 fxg5 28. Rxf2 Re1+ 29. Bxe1 Qxd3 30. c6 Qh7+ 31. Kg1 g3 32. cxb7+ 0-1

[Event "4. Wittelsbacher Weihnachts-Schach-Open"]
[Site "Kelheim"]
[Date "2015.12.27"]
[Round "1.33"]
[White "Lohr, Werner"]
[Black "Baedorf, Robert"]
[Result "1-0"]
[WhiteElo "1911"]
[BlackElo "1697"]
[PlyCount "89"]
[EventDate "2015.??.??"]
[WhiteTeam "TSV Mainburg"]
[BlackTeam "SF Illingen"]

1. e4 e5 2. Nf3 Nf6 3. Nxe5 d6 4. Nxf7 Kxf7 5. Bc4+ Be6 6. Bxe6+ Kxe6 7. d4 Kf7
8. Nc3 Nbd7 9. O-O g6 10. f4 Kg7 11. Qf3 Be7 12. e5 Ne8 13. g4 dxe5 14. fxe5
Rf8 15. Qh3 Rxf1+ 16. Qxf1 c6 17. Be3 Bg5 18. Bxg5 Qxg5 19. Qf3 Nc7 20. Ne4 Qe7
21. Qg3 Ne6 22. c3 Rf8 23. g5 Nf4 24. Qh4 Nh5 25. Nf6 Ndxf6 26. gxf6+ Nxf6 27.
exf6+ Qxf6 28. Qxf6+ Rxf6 29. Re1 Kf7 30. Re3 Re6 31. Rh3 h5 32. Kf2 Ke7 33.
Rg3 Kd7 34. Rg5 b6 35. Kf3 Ke7 36. h4 Kf6 37. b3 a6 38. c4 Re1 39. d5 cxd5 40.
Rxd5 Re5 41. Rd6+ Re6 42. Rxe6+ Kxe6 43. Kf4 b5 44. cxb5 axb5 45. a4 1-0

[Event "4. Wittelsbacher Weihnachts-Schach-Open"]
[Site "Kelheim"]
[Date "2015.12.27"]
[Round "1.34"]
[White "Weidenhöfer, Robert"]
[Black "Urban, Rudolf"]
[Result "1-0"]
[WhiteElo "1691"]
[BlackElo "1871"]
[PlyCount "55"]
[EventDate "2015.??.??"]
[WhiteTeam "SW Nürnberg Süd"]
[BlackTeam "SC Roter Turm Altstadt"]

1. b3 e5 2. Bb2 Nc6 3. e3 d5 4. Bb5 Bd6 5. c4 a6 6. Bxc6+ bxc6 7. c5 Bxc5 8.
Bxe5 Nf6 9. Nf3 Be7 10. O-O Bd6 11. Bb2 O-O 12. d3 Qe7 13. Nbd2 Bg4 14. Re1 Bb4
15. Re2 Bxd2 16. Rxd2 Rfd8 17. Rc1 Qe8 18. Bxf6 gxf6 19. h3 Bxf3 20. Qxf3 Qe6
21. Qg3+ Kh8 22. Qxc7 Rac8 23. Qa5 Rg8 24. Kh2 Rg6 25. Qb4 Rcg8 26. g3 Rh6 27.
h4 Rg4 28. Qf8+ 1-0

[Event "4. Wittelsbacher Weihnachts-Schach-Open"]
[Site "Kelheim"]
[Date "2015.12.27"]
[Round "1.35"]
[White "Schmitz, Marc"]
[Black "Brack, André"]
[Result "1-0"]
[WhiteElo "1748"]
[BlackElo "1832"]
[PlyCount "107"]
[EventDate "2015.??.??"]
[WhiteTeam "SV Saal/Donau"]
[BlackTeam "Regensburger Turnerschaft"]

1. Nf3 c5 2. g3 b6 3. Bg2 Bb7 4. O-O Nf6 5. d3 e6 6. c4 Be7 7. Nc3 d6 8. a3
Nbd7 9. Rb1 Qc7 10. b4 a6 11. Bf4 e5 12. Bd2 O-O 13. e4 cxb4 14. axb4 a5 15. b5
Nc5 16. Qe2 a4 17. Ra1 Nb3 18. Rxa4 Rxa4 19. Nxa4 Ra8 20. Nc3 Nd7 21. Be3 Ndc5
22. Rd1 Bc8 23. Nd5 Qb7 24. d4 exd4 25. Nxd4 Nxd4 26. Bxd4 Ra5 27. e5 Kf8 28.
exd6 Bxd6 29. Bc3 Ra4 30. Nf6 Qe7 31. Rxd6 Qxe2 32. Rd8+ Ke7 33. Re8+ Kd6 34.
Rxe2 gxf6 35. Rd2+ Ke7 36. Bd5 Be6 37. Re2 f5 38. Bd4 Kd6 39. Be5+ Kd7 40. Bc6+
Ke7 41. Bc7 Rxc4 42. Bxb6 Rc1+ 43. Kg2 Na4 44. Ba5 Kd6 45. Rd2+ Kc5 46. Rd8 Nb2
47. Bd2 Rb1 48. Be3+ Kb4 49. b6 Nc4 50. b7 Nxe3+ 51. fxe3 Kc5 52. Bf3 Rb2+ 53.
Kg1 Rb1+ 54. Kf2 1-0

[Event "4. Wittelsbacher Weihnachts-Schach-Open"]
[Site "Kelheim"]
[Date "2015.12.27"]
[Round "1.36"]
[White "Gottschall, Ina"]
[Black "Müller, Jochen"]
[Result "0-1"]
[WhiteElo "1751"]
[BlackElo "1745"]
[PlyCount "66"]
[EventDate "2015.??.??"]
[WhiteTeam "USV TU Dresden"]
[BlackTeam "Spvgg Stetten"]

1. d4 Nf6 2. c4 e6 3. Nc3 Bb4 4. Nf3 O-O 5. Bg5 d5 6. e3 h6 7. Bh4 c6 8. Qc2
Nbd7 9. cxd5 exd5 10. Bd3 Re8 11. O-O Nf8 12. Ne5 Bd6 13. Bf5 Bxe5 14. dxe5
Rxe5 15. Bxc8 Rxc8 16. Rad1 Re8 17. Qf5 Qd7 18. Qd3 Qe6 19. Qd4 b6 20. Ne2 g5
21. Bg3 Ng6 22. h4 Ne4 23. hxg5 hxg5 24. Bh2 f5 25. Ng3 Nf6 26. Rfe1 Kf7 27.
Qa4 a5 28. Qc2 Nh4 29. Qe2 Rh8 30. Qa6 Ng4 31. Nf1 Nxh2 32. Nxh2 Qh6 33. Qf1
Nf3+ 0-1

[Event "4. Wittelsbacher Weihnachts-Schach-Open"]
[Site "Kelheim"]
[Date "2015.12.27"]
[Round "1.37"]
[White "Klenk, Sofie"]
[Black "Hartmann, Willibald"]
[Result "1-0"]
[WhiteElo "1823"]
[BlackElo "1546"]
[PlyCount "101"]
[EventDate "2015.??.??"]
[WhiteTeam "SC Tarrasch München"]
[BlackTeam "TSV Mindelheim"]

1. e4 Nf6 2. e5 Nd5 3. d4 Nc6 4. Nf3 d6 5. c4 Nb6 6. exd6 exd6 7. h3 Bf5 8. Be2
Be7 9. O-O O-O 10. Be3 Re8 11. Nc3 Bf6 12. Nd5 Nxd5 13. cxd5 Ne7 14. Qb3 Be4
15. Ng5 Bxd5 16. Qd3 Bxg5 17. Bxg5 f6 18. Bd2 Qd7 19. h4 Qf5 20. Qg3 Ng6 21.
Bg4 Qc2 22. Be3 Qe4 23. h5 Nf8 24. Bh6 Qxg2+ 25. Qxg2 Bxg2 26. Kxg2 gxh6 27.
Rac1 Re7 28. Rfe1 Rae8 29. Rxe7 Rxe7 30. Kf3 c6 31. Rg1 Kf7 32. Bf5 c5 33. dxc5
dxc5 34. Bd3 a6 35. a4 Ke8 36. Rg8 Re5 37. Bxh7 Rg5 38. Bg6+ Ke7 39. Rg7+ Kd6
40. Rxb7 Nxg6 41. hxg6 Kc6 42. Ra7 Kb6 43. Rg7 c4 44. Rg8 Ka5 45. g7 Kxa4 46.
Ke4 h5 47. Kd4 Rg4+ 48. Kc3 Ka5 49. f3 Rg3 50. Kxc4 h4 51. b4+ 1-0

[Event "4. Wittelsbacher Weihnachts-Schach-Open"]
[Site "Kelheim"]
[Date "2015.12.27"]
[Round "1.38"]
[White "Glück, Ulrich"]
[Black "Hagen, Wolfgang"]
[Result "1/2-1/2"]
[WhiteElo "1713"]
[BlackElo "1740"]
[PlyCount "76"]
[EventDate "2015.??.??"]
[WhiteTeam "MSA Zugzwang"]
[BlackTeam "TSV Mindelheim"]

1. d4 d5 2. c4 e6 3. a3 Nf6 4. Nc3 Be7 5. cxd5 exd5 6. Bf4 O-O 7. e3 c6 8. Bd3
Re8 9. h3 Nbd7 10. Nf3 Nf8 11. Ne5 Be6 12. O-O N8d7 13. b4 a6 14. Qc2 h6 15.
Na4 Nxe5 16. Bxe5 Bd6 17. f4 Qe7 18. Nc5 Bc8 19. Rf3 Nd7 20. Raf1 f6 21. Bxd6
Qxd6 22. g4 Nxc5 23. bxc5 Qe7 24. Bg6 Rf8 25. Re1 Qc7 26. Qd2 Be6 27. Kg2 Rad8
28. Ref1 Bf7 29. Bc2 Kh8 30. Qd3 Bg8 31. g5 fxg5 32. fxg5 Rxf3 33. Rxf3 Qe7 34.
Qf5 Qxg5+ 35. Qxg5 hxg5 36. Kg3 Bh7 37. Bxh7 Kxh7 38. Kg4 Kg6 1/2-1/2

[Event "4. Wittelsbacher Weihnachts-Schach-Open"]
[Site "Kelheim"]
[Date "2015.12.27"]
[Round "1.39"]
[White "Klimpel, Siegfried"]
[Black "Hirn, Thomas"]
[Result "1-0"]
[WhiteElo "1842"]
[BlackElo "1771"]
[PlyCount "77"]
[EventDate "2015.??.??"]
[WhiteTeam "TSV Kareth-Lappersdorf"]
[BlackTeam "TuS Fürstenfeldbruck"]

1. e4 c5 2. Na3 e6 3. f4 Nc6 4. Nf3 a6 5. Be2 d5 6. e5 b5 7. c3 Bb7 8. Nc2 Nge7
9. d4 c4 10. O-O Nf5 11. Ne3 Nxe3 12. Bxe3 g6 13. Kh1 Bg7 14. Qe1 Ne7 15. Nh4
Qc7 16. a4 Bc6 17. g4 bxa4 18. f5 Bxe5 19. fxe6 fxe6 20. Nf3 Bd6 21. Ng5 Bd7
22. Bg1 h6 23. Nf7 Rh7 24. Nxd6+ Qxd6 25. Bd1 O-O-O 26. Bf2 Qb6 27. Bg3 h5 28.
Bxa4 hxg4 29. Rf6 Nf5 30. Rxg6 Nxg3+ 31. Qxg3 Bxa4 32. Rxa4 Qxb2 33. Rxe6 Qc1+
34. Re1 Qh6 35. Qxg4+ Rdd7 36. Ra2 Rhg7 37. Qe6 Qxe6 38. Rxe6 Rgf7 39. Ra1 1-0

[Event "4. Wittelsbacher Weihnachts-Schach-Open"]
[Site "Kelheim"]
[Date "2015.12.27"]
[Round "1.40"]
[White "Tautz, Helmut"]
[Black "Müller, Dennis"]
[Result "1-0"]
[WhiteElo "1522"]
[BlackElo "1729"]
[PlyCount "69"]
[EventDate "2015.??.??"]
[WhiteTeam "SK Kelheim"]
[BlackTeam "SC Kreut"]

1. e4 e5 2. Nf3 d6 3. Bc4 Be7 4. O-O Nf6 5. Nc3 O-O 6. d4 exd4 7. Nxd4 Re8 8.
Re1 Bf8 9. Bg5 c6 10. Qf3 Nbd7 11. Rad1 Ne5 12. Qe2 Bg4 13. f3 Nxc4 14. Qxc4
Bh5 15. Nf5 Qb6+ 16. Kh1 Nd7 17. Na4 Qc7 18. Qd3 Ne5 19. Qb3 b5 20. Nc3 a5 21.
Ne2 a4 22. Qc3 f6 23. Bf4 Bf7 24. Ned4 Rab8 25. a3 g6 26. Nh6+ Bxh6 27. Bxh6 g5
28. f4 Ng4 29. Qg3 Nxh6 30. fxg5 fxg5 31. Qxg5+ Bg6 32. Qxh6 Bxe4 33. Ne6 Qf7
34. Rxe4 Rf8 35. Rf4 1-0

[Event "4. Wittelsbacher Weihnachts-Schach-Open"]
[Site "Kelheim"]
[Date "2015.12.27"]
[Round "1.41"]
[White "Brassat, Jürgen"]
[Black "Moseler, Thomas"]
[Result "1/2-1/2"]
[WhiteElo "1889"]
[BlackElo "1628"]
[PlyCount "53"]
[EventDate "2015.??.??"]
[WhiteTeam "SV Altbach"]
[BlackTeam "SK Lister Turm"]

1. d4 Nf6 2. c4 e6 3. Nc3 d5 4. cxd5 exd5 5. Bg5 Be7 6. e3 c6 7. Bd3 O-O 8.
Nge2 Re8 9. Qc2 Nbd7 10. O-O Ne4 11. Bxe7 Qxe7 12. Rae1 Nf8 13. f3 Nxc3 14.
Nxc3 Bd7 15. a3 a5 16. Na4 Qd6 17. Kh1 Qh6 18. Qf2 Rab8 19. e4 dxe4 20. fxe4
Re7 21. Nc3 Be8 22. e5 Rd8 23. Re4 Ng6 24. g3 Bd7 25. Ree1 Bh3 26. Rg1 Be6 27.
Be4 {Unleserlich} 1/2-1/2

[Event "4. Wittelsbacher Weihnachts-Schach-Open"]
[Site "Kelheim"]
[Date "2015.12.27"]
[Round "1.42"]
[White "Lautner, Peter"]
[Black "Swierzy, David"]
[Result "0-1"]
[WhiteElo "1512"]
[BlackElo "1648"]
[PlyCount "150"]
[EventDate "2015.??.??"]
[WhiteTeam "SC Kreut"]
[BlackTeam "SC Straubing"]

1. e4 Nf6 2. Nc3 e5 3. d3 Nc6 4. Bg5 Bc5 5. Nd5 d6 6. h3 h6 7. Bxf6 gxf6 8. a3
a6 9. Qd2 Be6 10. Ne3 h5 11. Be2 Qd7 12. Nf3 O-O-O 13. O-O-O Rdg8 14. Rhg1 f5
15. exf5 Bxf5 16. Rdf1 Be6 17. Nh2 f5 18. Bf3 d5 19. Qe1 e4 20. dxe4 dxe4 21.
Be2 f4 22. Nd1 Rd8 23. Nc3 e3 24. f3 Bf5 25. Ne4 Bxe4 26. fxe4 Qd2+ 27. Kb1 Nd4
28. Bd3 Rhg8 29. Qxd2 exd2 30. Bc4 Rg3 31. c3 Nc6 32. Rh1 Rxg2 33. Rd1 Ne5 34.
Bd5 c6 35. Be6+ Kc7 36. Nf1 Rd6 37. Bb3 Nf3 38. h4 Rdg6 39. Rh3 Rf2 40. Rh1
Rgg2 41. Bf7 Nh2 42. Nxh2 Rxh2 43. Rxh2 Rxh2 44. Bxh5 Be3 45. Kc2 Rxh4 46. Bf3
Kd6 47. Rh1 Rxh1 48. Bxh1 Ke5 49. Bf3 Kf6 50. b4 Kg5 51. Kd3 Kh4 52. Ke2 Kg3
53. Bh5 f3+ 54. Kd1 f2 55. Be2 Kg2 56. e5 f1=Q+ 57. Bxf1+ Kxf1 58. e6 Bg5 59.
e7 Bxe7 60. Kxd2 Kf2 61. Kd3 Kf3 62. a4 b5 63. axb5 axb5 64. Kd4 Kf4 65. c4
Bxb4 66. cxb5 cxb5 67. Kd5 Ba3 68. Kd4 Be7 69. Kc3 Ke3 70. Kb3 Kd2 71. Kb2 b4
72. Kb3 Kc1 73. Ka2 Kc2 74. Ka1 Bf6+ 75. Ka2 b3+ 0-1

[Event "4. Wittelsbacher Weihnachts-Schach-Open"]
[Site "Kelheim"]
[Date "2015.12.27"]
[Round "1.43"]
[White "Goderbauer, Josef"]
[Black "Antczak, Lena"]
[Result "1-0"]
[WhiteElo "1857"]
[BlackElo "1654"]
[PlyCount "101"]
[EventDate "2015.??.??"]
[WhiteTeam "SC Moosburg"]
[BlackTeam "SK Kelheim"]

1. e4 e5 2. Nf3 Nc6 3. Bb5 f5 4. d3 d6 5. Nc3 Nf6 6. O-O Be7 7. Bg5 O-O 8. Qc1
f4 9. h3 h6 10. Bxf6 Rxf6 11. Kh2 Rg6 12. Bxc6 bxc6 13. Ng1 d5 14. f3 Bc5 15.
Nce2 Qg5 16. g4 fxg3+ 17. Kg2 Qh4 18. f4 Qh5 19. Qd1 dxe4 20. dxe4 Ba6 21. Rf3
Rd6 22. Qe1 Rad8 23. Nxg3 Qg6 24. f5 Qg5 25. Qc3 Qd2+ 26. Kh1 Qd4 27. Qb3+ Bc4
28. c3 Bxb3 29. cxd4 Rxd4 30. axb3 Rd2 31. N1e2 Rxb2 32. Kg2 Rdd2 33. Kf1 h5
34. h4 Kf7 35. Rc3 Bb6 36. Rxc6 Rxb3 37. Rxa7 Bxa7 38. Rxc7+ Kf8 39. Rxa7 Rb4
40. Ra5 Rc2 41. Rxe5 Rbb2 42. Kf2 Kf7 43. Kf3 g5 44. fxg6+ Kxg6 45. Rg5+ Kf6
46. Nxh5+ Kf7 47. Nef4 Rc4 48. Ng3 Rb3+ 49. Kg4 Rcc3 50. Nf5 Rc4 51. Nd6+ 1-0

[Event "4. Wittelsbacher Weihnachts-Schach-Open"]
[Site "Kelheim"]
[Date "2015.12.27"]
[Round "1.44"]
[White "Fritsch, Julian"]
[Black "Meul, Willi"]
[Result "0-1"]
[WhiteElo "1377"]
[BlackElo "1829"]
[PlyCount "68"]
[EventDate "2015.??.??"]
[WhiteTeam "SK Kelheim"]
[BlackTeam "SV Hürth-Berrenrath"]

1. f4 d5 2. Nf3 c5 3. d3 Nf6 4. e3 g6 5. Be2 Bg7 6. O-O O-O 7. Nc3 e6 8. e4 d4
9. Nb5 a6 10. Na3 b5 11. Qe1 Nc6 12. e5 Nd5 13. c4 dxc3 14. bxc3 Bb7 15. Rb1
Qa5 16. Rb3 Rfd8 17. Bd2 Bf8 18. c4 Ndb4 19. Qh4 Nd4 20. Nxd4 Rxd4 21. Bxb4
cxb4 22. Nc2 Rd7 23. d4 Qxa2 24. Rh3 h6 25. Bd1 Qxc4 26. g4 Be4 27. g5 Bxc2 28.
gxh6 Qxd4+ 29. Kh1 Bxd1 30. Qf6 Kh7 31. f5 exf5 32. Rxf5 Qe4+ 33. Rff3 Bxf3+
34. Rxf3 Rc8 0-1

[Event "4. Wittelsbacher Weihnachts-Schach-Open"]
[Site "Kelheim"]
[Date "2015.12.27"]
[Round "1.45"]
[White "Hummel, Thomas"]
[Black "Huchler, Stefan"]
[Result "1-0"]
[WhiteElo "1918"]
[BlackElo "1595"]
[PlyCount "93"]
[EventDate "2015.??.??"]
[WhiteTeam "SK Neumarkt"]
[BlackTeam "Hohenems"]

1. b3 d5 2. Bb2 Bf5 3. e3 e6 4. Nf3 Nf6 5. Be2 Nc6 6. a3 h6 7. d4 Be7 8. Nbd2
O-O 9. c4 Bh7 10. c5 Re8 11. b4 a6 12. Rc1 Na7 13. Ne5 c6 14. Qb3 Rc8 15. O-O
Nd7 16. Nd3 Nf6 17. f3 Nb5 18. a4 Nc7 19. Nf2 Rf8 20. e4 Kh8 21. Rcd1 Ng8 22.
e5 f6 23. f4 f5 24. Nf3 Re8 25. Bc1 Bg6 26. g4 fxg4 27. Nxg4 Bf5 28. Nf2 Rf8
29. Bd3 Qe8 30. Bxf5 Rxf5 31. Kh1 Qh5 32. Ne1 Rcf8 33. Ng2 Qg6 34. Rg1 Rh5 35.
Nh4 Qe8 36. Ng6+ Kh7 37. Nxf8+ Qxf8 38. Qd3+ Rf5 39. Ng4 Bh4 40. Ne3 g6 41.
Nxf5 gxf5 42. Rg2 Ne8 43. Qh3 Bd8 44. Rdg1 Ng7 45. Rxg7+ Qxg7 46. Rxg7+ Kxg7
47. Qh5 1-0

[Event "4. Wittelsbacher Weihnachts-Schach-Open"]
[Site "Kelheim"]
[Date "2015.12.27"]
[Round "1.46"]
[White "Krause, Karl-Heinz"]
[Black "Gruber, Johannes"]
[Result "0-1"]
[WhiteElo "1428"]
[BlackElo "1801"]
[PlyCount "30"]
[EventDate "2015.??.??"]
[WhiteTeam "SK Landau-Dingolfing"]
[BlackTeam "SC Sinzing"]

1. e4 e5 2. Nc3 Nf6 3. d3 d5 4. Nxd5 Nxd5 5. exd5 Qxd5 6. Bd2 Nc6 7. c3 Bf5 8.
Qf3 Qd7 9. Qe3 O-O-O 10. Nf3 e4 11. dxe4 Bxe4 12. O-O-O Bg6 13. Bc4 Qf5 14. Bd3
Rxd3 15. Qc5 Rxc3+ 0-1

[Event "4. Wittelsbacher Weihnachts-Schach-Open"]
[Site "Kelheim"]
[Date "2015.12.27"]
[Round "1.47"]
[White "Guckes, Fabian"]
[Black "Michel, Philipp"]
[Result "0-1"]
[WhiteElo "1681"]
[BlackElo "1712"]
[PlyCount "96"]
[EventDate "2015.??.??"]
[WhiteTeam "SV Worms"]
[BlackTeam "SC Forchheim"]

1. e4 c6 2. d4 d5 3. Nc3 dxe4 4. Bc4 Nf6 5. f3 exf3 6. Nxf3 b5 7. Bb3 Bf5 8.
O-O e6 9. Qe2 Bg4 10. Be3 Bb4 11. h3 Bxf3 12. Qxf3 Bxc3 13. bxc3 O-O 14. a4
bxa4 15. Bxa4 Qd5 16. Bf4 Rc8 17. Rab1 c5 18. Bxb8 Raxb8 19. Rxb8 Rxb8 20. Qg3
Ra8 21. Rxf6 cxd4 22. Rf3 dxc3 23. Rd3 Qc5+ 24. Qe3 Qxe3+ 25. Rxe3 Rc8 26. Kf2
Kf8 27. Ke2 Ke7 28. Kd3 f6 29. Re4 Kd6 30. Rc4 Rc5 31. Rxc5 Kxc5 32. Kxc3 e5
33. Kd3 a5 34. Kc3 f5 35. Bd7 g6 36. Be6 h6 37. Bf7 g5 38. Bg6 f4 39. Bf5 h5
40. Bg6 g4 41. Kd3 f3 42. gxf3 gxh3 43. f4 h2 44. Be4 exf4 45. c3 h4 46. Kc2
Kc4 47. Kb2 f3 48. Kc1 f2 0-1

[Event "4. Wittelsbacher Weihnachts-Schach-Open"]
[Site "Kelheim"]
[Date "2015.12.27"]
[Round "1.48"]
[White "Kutschera, Reinhardt"]
[Black "Meckel, Helmut"]
[Result "0-1"]
[WhiteElo "1535"]
[BlackElo "1777"]
[PlyCount "23"]
[EventDate "2015.??.??"]
[WhiteTeam "DJK-Regensburg Nord"]
[BlackTeam "SG Solingen"]

1. c4 e5 2. d3 Nf6 3. g3 c6 4. Bg2 d5 5. Qb3 Na6 6. cxd5 cxd5 7. Qb5+ Qd7 8.
Nc3 Qxb5 9. Nxb5 Bd7 10. Nc3 Bc6 11. b4 Nc7 12. e3 {Falsch/unleserlich...} 0-1